WWII First Names - Statistics

General Stats
  • This quiz has been taken 41,698 times
  • The average score is 10 of 22
Answer Stats
First Last % Correct
Winston Churchill
98%
Adolf Hitler
97%
Joseph Stalin
87%
Franklin Roosevelt
82%
Benito Mussolini
79%
Charles de Gaulle
76%
Heinrich Himmler
54%
Hermann Göring
54%
Douglas MacArthur
53%
George Patton
52%
Erwin Rommel
50%
Robert Oppenheimer
40%
Bernard Montgomery
24%
Karl Dönitz
24%
Wernher von Braun
24%
Kai-Shek Chiang
23%
Hideki Tojo
22%
Chester Nimitz
20%
Georgy Zhukov
17%
Philippe Petain
17%
Curtis LeMay
12%
Harold Alexander
7%
No matching quizzes found
Score Distribution
Percent of People with Each Score
Percentile by Number Answered
Your Score History
You have not taken this quiz